| 000 | 00527nam a2200253Ia 4500 | ||
|---|---|---|---|
| 008 | 210210b1847 xxu||||| |||| 00| 0 eng d | ||
| 041 | _aeng | ||
| 082 | _a828/299 | ||
| 100 | _aHOWITT (W) | ||
| 245 | _aHomes and haunts of the British poets Vol I | ||
| 260 |
_aLondon _b- _c1847 |
||
| 440 | _a1 | ||
| 650 | _aVol | ||
| 650 | _athe | ||
| 650 | _apoets | ||
| 650 | _aof | ||
| 650 | _aI | ||
| 650 | _aHomes | ||
| 650 | _ahaunts | ||
| 650 | _aBritish | ||
| 650 | _aand | ||
| 690 | _aBiography | ||
| 906 | _a016144 | ||
| 999 |
_c135555 _d135555 |
||